Normal view MARC view

Entry Personal Name

Number of records used in: 5

001 - CONTROL NUMBER

  • control field: 39174

003 - CONTROL NUMBER IDENTIFIER

  • control field: dpl

005 - DATE AND TIME OF LATEST TRANSACTION

  • control field: 20120113141937.0

008 - FIXED-LENGTH DATA ELEMENTS

  • fixed length control field: 120113|||a|||||| | ||| d

040 ## - CATALOGING SOURCE

  • Original cataloging agency: dpl
  • Transcribing agency: dpl

100 ## - HEADING--PERSONAL NAME

  • Personal name: O'Brien,Terry

670 ## - SOURCE DATA FOUND

  • Source citation: Work cat.: (dpl): O'Brien,Terry, Twenty 20 GK for competitive examinations /, c2012

670 ## - SOURCE DATA FOUND

  • Source citation: Work cat.: (dpl): O'Brien,Terry, Twenty 20 GK for competitive examinations /, c2012

© Delhi Public Library
Hit Counter
free hit counter